000 00782nam a2200229Ii 4500
003 JO-AjNU
008 230605s9999||||xx |||||||||||||| ||und||
017 _a2007/4/925
020 _a978-9957-02-285-3
040 _aJO-AjNU
_bara
_erda
_cJO-AjNU
041 _aara
050 1 4 _aN7267.G52 2007
100 3 _aغزوان،معتز عناد,
_eauthor
_924277
245 0 0 _aمرافئ ثقافية :قراءات في الفن التشكيلي والتصميم
250 _aط1
264 3 1 _aعمان:دار مجدلاوي للنشر والتوزيع، 2007
300 _a140ص
336 _atext
_btxt
_2rdacontent
337 _aunmediated
_bn
_2rdamedia
338 _avolume
_bnc
_2rdacarrier
650 4 _aالفنون التشكيلية- التصميم الزخرفي
_924278
999 _aA8914
_c12482
_d12482